Lire Lévi-Strauss : le deploiement d'une intuition

Αποθηκεύτηκε σε:
Λεπτομέρειες βιβλιογραφικής εγγραφής
Κύριος συγγραφέας: Scubla, Lucien
Μορφή: Βιβλίο
Γλώσσα:French
Δημοσίευση: Paris : O. Jacob, 1998
Θέματα:
Ετικέτες: Προσθήκη ετικέτας
Δεν υπάρχουν, Καταχωρήστε ετικέτα πρώτοι!

MARC

LEADER 00000cam a2200000 i 4500
001 1/80214
008 050707s1998 fre d
020 |a 2-7381-0498-3 
035 |l 10078968 
040 |a GR-MY-UA  |b gre  |e aacr 
041 0 |a fre 
082 0 |a 306  |2 (22) 
100 1 |a Scubla, Lucien. 
245 1 0 |a Lire Lévi-Strauss :  |b le deploiement d'une intuition /  |c Lucien Scubla 
260 |a Paris :   |b O. Jacob,   |c 1998 
300 |a 337 σ.;  |b εικ.;  |c 24 εκ. 
504 |a Περιέχει βιβλιογραφία (σ. 315-324) και ευρετήριο 
600 1 0 |a Lévi-Strauss, Claude. 
650 0 0 |a Structural anthropology. 
852 |a INST  |b LESVOS  |e 20050707  |h 306 SCU  |p 005100032047  |q 005100032047  |t BK  |y 0 
901 |a BIBL1-2005-2 
920 |a ΕΠΕΑΕΚ ΚΟΙΝΩΝΙΚΗΣ ΑΝΘΡΩΠΟΛΟΓΙΑΣ ΚΑΙ ΙΣΤΟΡΙΑΣ  |y ΛΕΣΒΟΣ  |z 2005-04 
970 |a ΚΑΡΑ  |b ΓΙΑΣΕΜΗ  |z 2005/07/07